Jugadores del Real Madrid 24/25! - Muerte súbita - Estadísticas

Estadísticas generales
  • Esta prueba ha sido intentada 2.372 veces
  • La puntuación promedio es 17 de 24
Answers on the Grid
Answers color-coded by a green-red scale on the quiz's grid according to % correct below.
Thibaut Courtois
Sergio Ramos
Andriy Lunin
Luis López
Casemiro
Dani Carvajal
Lucas Vázquez
Eden Hazard
Jesús Vallejo
Antonio Rudiger
Raphael Varane
Eder Militao
Mariano
Davida Alaba
Fran García
Achraf Hakimi
Ferland Mendy
Jude Bellingham
Cristiano Ronaldo
Toni Kroos
Arda Guler
Aurelien Tchouameni
Eduardo Camavinga
Federico Valverde
Alphonso Davies
Dani Ceballos
Brahím Díaz
Marco Asensio
Luka Modric
Vinicius Junior
Nacho Fernández
Rodrygo
Endrick
Karim Benzema
Kylian Mbappé
Raúl Asencio
 
Estadísticas de respuestas
Respuesta % Correcto
Thibaut Courtois
96%
Antonio Rudiger
84%
Dani Carvajal
84%
Andriy Lunin
83%
Eder Militao
80%
Jude Bellingham
80%
Lucas Vázquez
80%
Davida Alaba
79%
Fran García
77%
Ferland Mendy
76%
Arda Guler
69%
Aurelien Tchouameni
68%
Eduardo Camavinga
68%
Jesús Vallejo
67%
Brahím Díaz
66%
Federico Valverde
66%
Vinicius Junior
66%
Dani Ceballos
65%
Luka Modric
63%
Endrick
62%
Rodrygo
62%
Kylian Mbappé
61%
Raúl Asencio
59%
Luis López
42%
No se encontraron pruebas coincidentes
Distribución de puntuación
Porcentaje de gente con cada puntuación
Porcentaje por número respondido
Historial de tus puntuaciones
No has intentado esta prueba.